[Event "COL-ch U1700"]
[Site "Pereira"]
[Date "2019.03.25"]
[Round "8"]
[White "Giraldo Mejia, Emanuel"]
[Black "Dabraccio, Guillermo"]
[Result "0-1"]
[WhiteElo "1500"]
[BlackElo "1615"]
[PlyCount "48"]
[EventDate "2019.03.21"]
[EventType "swiss"]
[EventRounds "9"]
[EventCountry "COL"]
[SourceTitle "CBM 189 Extra"]
[Source "ChessBase"]
[SourceDate "2019.06.03"]
[SourceVersion "1"]
[SourceVersionDate "2019.06.03"]
[SourceQuality "1"]

1. e4 c5 2. Nf3 e6 3. d4 cxd4 4. Nxd4 a6 5. Nc3 Qc7 6. Bd3 b5 7. Bd2 Bb7 8. Nce2 Nc6 9. 0-0 Nf6 10. Nf3 Be7 11. Ng3 h5 12. Bg5 h4 13. Nxh4 0-0-0 14. c4 bxc4 15. Bxc4 d5 16. Bb3 dxe4 17. Qc2 Kb8 18. f3 Qb6+ 19. Kh1 exf3 20. Nxf3 Bd6 21. Ne2 Rxh2+ 22. Nxh2 Rh8 23. Bf4 Ne5 24. Ng1 Neg4 0-1